000 00685nam a2200289Ia 4500
005 20260324131214.0
008 008 260324s9999 xx 000 0 eng d
020 _a9780203799574
037 _aEBOOK
040 _aCRL
040 _beng
040 _cCRL
041 _2eng
041 _aeng
084 _qCRL
100 _aKaren Franck; Quentin Stevens
_91184625
245 0 _aLoose Space
245 0 _bPossibility and Diversity in Urban Life
260 _bTaylor and Francis
260 _c2006
365 _a
365 _b290
856 _uhttp://www.taylorfrancis.com/books/9780203799574
942 _cEBOOK
999 _c1781570
_d1781570